000 00325nam a2200133Ia 4500
008 191201s1994 xx 000 0 und d
100 _aVENKATARMAN,G
245 0 _aBhabha and His Magnificent Obsessions
250 _a1st
260 _aN. Delhi
_bUniversity Press
_c1994
300 _a209
650 _aApplied
942 _2ddc
_cBK
999 _c681
_d681